Ч. 3 : Котельно-вспомогательное оборудование: ЦБ-3-67-3; Теплоэнергетическое оборудование электростанций СССР

Dades bibliogràfiques
Parent link:Теплоэнергетическое оборудование электростанций СССР: библиографический указатель отечественной литературы за 1917 - 1966 (1 пол.) гг./ Научно-исследовательский институт информации по тяжелому, энергетическому и транспортному машиностроению; ЦНТБтяжмаш; сост. И. Л. Виноградова; под ред. Н. М. Иваницкого, В. И. Кубарева. Ч. 3 : Котельно-вспомогательное оборудование.— , 1967 -.
Sumari:На обл. в вых. дан.: 1967
Исключено из фонда НТБ ТПУ
Idioma:rus
Publicat: 1968
Format: Llibre
KOHA link:https://koha.lib.tpu.ru/cgi-bin/koha/opac-detail.pl?biblionumber=102654

MARC

LEADER 00000nam2a2200000 4500
001 102654
005 20231031113054.0
035 |a (RuTPU)RU\TPU\book\110679 
035 |a RU\TPU\book\110670 
090 |a 102654 
100 |a 20061002d1967 m y0rusy50 ca 
101 0 |a rus 
102 |a RU 
105 |a y a 000zy 
200 0 |a Ч. 3 : Котельно-вспомогательное оборудование  |e ЦБ-3-67-3 
210 |d 1968 
215 |a 132 с. 
300 |a На обл. в вых. дан.: 1967 
333 |a Исключено из фонда НТБ ТПУ 
461 1 |0 (RuTPU)RU\TPU\book\110669  |t Теплоэнергетическое оборудование электростанций СССР  |o библиографический указатель отечественной литературы за 1917 - 1966 (1 пол.) гг.  |f Научно-исследовательский институт информации по тяжелому, энергетическому и транспортному машиностроению; ЦНТБтяжмаш; сост. И. Л. Виноградова; под ред. Н. М. Иваницкого, В. И. Кубарева  |v Ч. 3 : Котельно-вспомогательное оборудование  |d 1967 -. 
801 1 |a RU  |b 63413507  |c 20061002  |g PSBO 
801 2 |a RU  |b 63413507  |c 20120511  |g PSBO 
942 |c BK